000
00309nam a22001337a 4500
008
181019b xxu||||| |||| 00| 0 eng d
020
_a
0397505221
041
_a
eng
080
_a
616-053.2
100
_a
8
101
_a
PED
245
_a
Management of HIP Disorder in Children
_c
Katz, J.F
942
_2
udc
_c
BK
999
_c
50304
_d
50304